000 00291nam a22001457a 4500
003 SGT
082 _a611
_bH14T
100 _aTANDON, B.K.
245 _aTB. OF HUMAN ANATOMY
250 _a2ND
260 _aINDIA
_bAHUJA
_c2014
300 _a253
650 _aANATOMY
942 _2ddc
_cBK
_03
999 _c10595
_d10595